Lord Pretty Flacko Jodye 2 - A$AP Rocky (Full lyrics) - Statistics

General Stats
  • This quiz has been taken 6 times
  • The average score is 193 of 360
Answer Stats
Lyrics % Correct
a
100%
A,
100%
Flacko
100%
fuck
100%
ho
100%
Jodye
100%
Jodye,
100%
Lord
100%
me
100%
me,
100%
my
100%
Pretty
100%
the
100%
all
67%
ass
67%
be
67%
better
67%
call
67%
ever
67%
every
67%
for
67%
free
67%
gon'
67%
how
67%
I
67%
it?
67%
it
67%
It
67%
jiggy
67%
man
67%
never
67%
nigga
67%
no
67%
on
67%
On
67%
one
67%
out
67%
she
67%
They
67%
they
67%
to
67%
We
67%
we
67%
where
67%
Who
67%
who
67%
with
67%
you
67%
You
67%
6,
33%
about
33%
Adidas
33%
ain't
33%
Always
33%
and
33%
Auntie
33%
back
33%
bands
33%
been?
33%
been
33%
beep
33%
beeper
33%
Boomin'
33%
'bout
33%
Broke
33%
camp
33%
catch
33%
chick,
33%
chill,
33%
cops
33%
Cris',
33%
crossin'
33%
day
33%
deal
33%
dick,
33%
Dirty
33%
diss
33%
do
33%
down,
33%
down
33%
drop
33%
edition
33%
'em
33%
'em,
33%
feature,
33%
Find
33%
finna
33%
fix
33%
foreplay,
33%
foul,
33%
gave
33%
gold
33%
Got
33%
got
33%
gotta
33%
greet
33%
Grow
33%
guy,
33%
hallway
33%
handouts
33%
hands
33%
helpin'
33%
him
33%
his
33%
hoes
33%
I'd
33%
If
33%
if
33%
I'm
33%
it's
33%
It's
33%
Just
33%
just
33%
Kick
33%
know
33%
let
33%
like
33%
links?
33%
live
33%
lookin'
33%
low
33%
minds
33%
model
33%
motherfucker,
33%
niggas
33%
niggas,
33%
Niggas
33%
nine
33%
Now
33%
now
33%
now,
33%
of
33%
off
33%
okay
33%
old
33%
opps,
33%
or
33%
our
33%
pants
33%
peep
33%
phones,
33%
Pimp,
33%
Pimps
33%
plottin'
33%
poppin'
33%
put
33%
quick
33%
Raf
33%
rather
33%
reach
33%
really
33%
reminiscin'
33%
ringer,
33%
runnin'
33%
sayin'
33%
Screamin'
33%
seals
33%
see
33%
shame
33%
side,
33%
Simons,
33%
since
33%
sip
33%
Slow
33%
smile,
33%
Smith
33%
sneaker
33%
speaker,
33%
Stan
33%
stand-
33%
stand
33%
style
33%
suck
33%
take
33%
talk
33%
Tell
33%
ten?
33%
that's
33%
then
33%
Three
33%
through
33%
thuggin'
33%
times
33%
trap
33%
Trappin'
33%
Trick,
33%
trill
33%
trillest
33%
tryna
33%
turn
33%
Turnin'
33%
uh
33%
up
33%
up,
33%
wanna
33%
was
33%
ways
33%
what
33%
what?
33%
who's
33%
woah
33%
world,
33%
No matching quizzes found
Score Distribution
Percent of People with Each Score
Percentile by Number Answered
Your Score History
You have not taken this quiz